Регионална библиотека "Любен Каравелов" - Русе

Guide to Korean Culture (Запис номер 127810)

MARC детайли
000 -Лидер
Контролно поле с фиксирана дължина 01383nam a2200421 c 4500
003 - Код на организацията, давaща контролен номер
Контролно поле BLK
005 - Дата и час на последна редакция
Контролно поле 20220705152056.0
008 - Елементи от данни с фиксирана дължина
fixed length control field 180409b bul|||||r ||||||| ||bul||
010 ## - Наследен системен номер
LC control number KNG00133518000
020 ## - Международен стандартен номер на книга ISBN
Международен стандартен номер на книга ISBN 978-89-7375-111-2 03910
040 ## - Източник на каталожния запис
Идентификатор на билиотеката - собственик на записа BLK
041 ## - Код за език
Код за езика на текст/звукозапис или на отделно заглавие Английски
Код за езика КДБФ Английски
072 #7 - Код за тематичната категория
Код организация bullib
Код за тематична категория Н00
Текст Общ отдел Н
080 ## - УДК
Текстов определител УДК Цивилизация. Култура. Прогрес. История на културата вж 930.85
УДК код - определител по УДК 008
УДК определител (519.5)
УДК - код + определител 008(519.5)
139 ## - Редно поле
Редна дума Guide to Korean Culture
Авторски знак Гу - Г 90
Filing suffix G 94
Feature heading Г 90
245 10 - Сведения за заглавието
Заглавие Guide to Korean Culture
246 ## - Различни форми на заглавието
Паралелно заглавие Ръководство за Корейска култура
257 ## - Страна на издаване
Страна на създаване/издаване Южна Корея
260 ## - Област на издателските данни
Име на издателя, разпространителя и проч. Korean Culture and Inform. Service
Година на издаване 2009
300 ## - Физическа характеристика
Страници 268 p.
Илюстрации и др. ill.
Размери/Мащаб 22 cm
380 ## - Жанр
Жанр Общ отдел
500 ## - Общи забележки
Забележка Ed. by Min. Culture, Sports and Tourism. Korean Culture and Inform. Service.
650 #4 - Допълнително описание по предмет – тема
Основно описание – тема или топоним Корея - култура
9 (RLIN) 268217
651 #4 - Допълнително описание по предмет - топоним
Географско понятие Южна Корея
9 (RLIN) 300908
653 ## - Ключова дума – ненормативна
Ключова дума Южна Корея
653 ## - Ключова дума – ненормативна
Ключова дума култура
653 ## - Ключова дума – ненормативна
Ключова дума декоративно изкуство
653 ## - Ключова дума – ненормативна
Ключова дума костюми
653 ## - Ключова дума – ненормативна
Ключова дума маски
653 ## - Ключова дума – ненормативна
Ключова дума обреди
653 ## - Ключова дума – ненормативна
Ключова дума накити
653 ## - Ключова дума – ненормативна
Ключова дума живопис
659 ## - Тематичен бюлетин
Тематичен бюлетин Н
856 4# - Електронен адрес и достъп
Електронен формат pdf - файл
856 4# - Електронен адрес и достъп
Електронен формат pdf - файл
999 ## - СИСТЕМНИ КОНТРОЛНИ НОМЕРА
Koha biblionumber 127810
Koha biblioitemnumber 127810
942 ## - АРТИКУЛИ
Вид на библиотечния материал Книги
Скрит в OPAC Не
Периодичен библиозапис Да
Koha issues (borrowed), all copies 1
944 ## - СЪЗДАВАНЕ И РЕДАКЦИЯ на ЗАПИСА
Създаване/Редакция Създаване
Дата на регистрацията/редакция 10.09.2012
Статус, дата на статуса ф /
Служител, извършил регистрацията/редакцията Ирена_Линкова
944 ## - СЪЗДАВАНЕ И РЕДАКЦИЯ на ЗАПИСА
Създаване/Редакция Редакция
Дата на регистрацията/редакция 08.04.2013
Статус, дата на статуса ф /
999 ## - СИСТЕМНИ КОНТРОЛНИ НОМЕРА
Koha biblioitemnumber 127810
999 ## - СИСТЕМНИ КОНТРОЛНИ НОМЕРА
Koha biblioitemnumber 127810
999 ## - СИСТЕМНИ КОНТРОЛНИ НОМЕРА
Koha biblioitemnumber 127810
999 ## - СИСТЕМНИ КОНТРОЛНИ НОМЕРА
Koha biblioitemnumber 127810
Наличности
Код за отписване Код за изгубен артикул Източник на класификационната схема Код за повреда Коз за рестрикции Код за отдаване Артикулен № Име на библиотеката - собственик Име на библиотеката, в която се намира в момента Статус (Текущо местоположение) Дата на вписване в системата Местоположение - отдел Цена в лева Инвентарен номер Систематично азбучна сигнатура Баркод Номер на екземпляра Цена в евро Служебна бележка Служебен тип на артикула
  Не е изгубен Universal Decimal Classification Не е повреден без рестрикции заемане за дома 207822 Регионална библиотека "Любен Каравелов" Русе Регионална библиотека "Любен Каравелов" Русе Отдел Изкуство - подръчен фонд 2012-09-10 Отдел Изкуство - подръчен фонд 9.00 120000759684 0/Г 90 120000759684 1 4.60 Дост: DA Вид: А N: 18 Дата: 03.09.2012 Книги
Изтеглен Не е изгубен Universal Decimal Classification Не е повреден без рестрикции заемане за дома 207823 Регионална библиотека "Любен Каравелов" Русе Регионална библиотека "Любен Каравелов" Русе Отдел Изкуство - подръчен фонд 2012-09-10 Хранилище 9.00 120000759685 0/Г 90 120000759685 2 4.60 Дост: DA Вид: А N: 18 Дата: 03.09.2012 Дата инв: 10.02.2015 Бележки инв: ИП2015 Книги
Vip Innovations Ltd, Rousse, Bulgaria 2025